Statistics for FC Bayern Munich 2017/18 Squad

Click here to take the quiz!

General Stats

  • This quiz has been taken 191 times
  • The average score is 18 of 25

Answer Stats

Jersey #NationalityPositionPlayer Name% Correct
27AustriaLBDavid Alaba
98%
1GermanyGKManuel Neuer
98%
9PolandSTRobert Lewandowski
98%
10NetherlandsRWArjen Robben
96%
23ChileCMArturo Vidal
95%
7FranceLMFranck Ribéry
93%
11ColombiaCAMJames Rodríguez
93%
17GermanyCBJérôme Boateng
91%
32GermanyRBJoshua Kimmich
91%
29FranceRW/LWKingsley Coman
91%
25GermanyCFThomas Müller
90%
5GermanyCBMats Hummels
89%
6SpainCMThiago
89%
8SpainCBJavi Martínez
86%
4GermanyCBNiklas Süle
81%
13BrazilRBRafinha
78%
26GermanyGKSven Ulreich
78%
24FranceCMCorentin Tolisso
77%
18SpainLBJuan Bernat
73%
19GermanyCMSebastian Rudy
41%
20GermanyCBFelix Götze
35%
36GermanyGKChristian Früchtl
25%
34AustriaCBMarco Friedl
16%
40GermanyCAMFabian Benko
14%
30GermanyCDMNiklas Dorsch
12%

Score Distribution

Percentile by Number Answered

Percent of People with Each Score

Your Score History

You have not taken this quiz